All Spanish Speaking Countries - Statistics

General Stats
  • This quiz has been taken 73 times
  • The average score is 16 of 20
Answers on the Map
Answers color-coded by a green-red scale on the quiz's map according to % correct below.
 
Answer Stats
Answer % Correct
Mexico
93%
Colombia
90%
Ecuador
90%
Chile
87%
Peru
87%
Argentina
83%
Cuba
83%
Dominican Republic
83%
Equatorial Guinea
83%
Spain
83%
Uruguay
83%
Venezuela
83%
Bolivia
77%
Panama
77%
Paraguay
77%
Costa Rica
70%
Guatemala
70%
Honduras
70%
Nicaragua
67%
El Salvador
63%
No matching quizzes found
Score Distribution
Percent of People with Each Score
Percentile by Number Answered
Your Score History
You have not taken this quiz